| 000 | nam a22 7a 4500 | ||
|---|---|---|---|
| 999 |
_c234305 _d234305 |
||
| 003 | Nust | ||
| 005 | 20170317114820.0 | ||
| 008 | 170317b xxu||||| |||| 00| 0 eng d | ||
| 020 | _a0822217848 | ||
| 040 | _cASAB | ||
| 082 | _a839.8 | ||
| 245 |
_aHenrik Ibsen's Hedda Gabler _cby Doug Hughes |
||
| 250 | _aEnglish Version | ||
| 260 |
_aNew York : _bDramatists Play Service, _cc2001. |
||
| 300 |
_a83 p. ; _b23 cm. |
||
| 942 |
_2ddc _cBK |
||